Sams teach yourself Borland Delphi 4 in 21 days (Record no. 16558)

MARC details
000 -LEADER
fixed length control field 00578nam a2200181Ia 4500
003 - CONTROL NUMBER IDENTIFIER
control field IN-BaIIA
008 - FIXED-LENGTH DATA ELEMENTS--GENERAL INFORMATION
fixed length control field 211028s9999 xx 000 0 eng d
020 ## - INTERNATIONAL STANDARD BOOK NUMBER
International Standard Book Number 978-0-672-31286-1
040 ## - CATALOGING SOURCE
Transcribing agency IIA Library
080 ## - UNIVERSAL DECIMAL CLASSIFICATION NUMBER
Universal Decimal Classification number 681.3.068
Item number REI
100 ## - MAIN ENTRY--PERSONAL NAME
Personal name Reisdorph, Kent
9 (RLIN) 30757
245 #0 - TITLE STATEMENT
Title Sams teach yourself Borland Delphi 4 in 21 days
Statement of responsibility, etc. Kent Reisdorph
260 ## - PUBLICATION, DISTRIBUTION, ETC.
Place of publication, distribution, etc. Indiana
Name of publisher, distributor, etc. SAMS Publishing
Date of publication, distribution, etc. 1998
300 ## - PHYSICAL DESCRIPTION
Extent xx, 918p.
650 ## - SUBJECT ADDED ENTRY--TOPICAL TERM
Topical term or geographic name entry element Computer software development
9 (RLIN) 30479
650 ## - SUBJECT ADDED ENTRY--TOPICAL TERM
Topical term or geographic name entry element Delphi (Computer file)
9 (RLIN) 30480
942 ## - ADDED ENTRY ELEMENTS (KOHA)
Koha item type Books
Holdings
Withdrawn status Lost status Damaged status Not for loan Home library Current library Shelving location Date acquired Source of acquisition Cost, normal purchase price Total Checkouts Full call number Barcode Date last seen Cost, replacement price Price effective from Koha item type Purchase Price
        IIA Library-Bangalore IIA Library-Bangalore General Stacks 06/08/2007 BLA 2620.07   681.3.068/ REI 17480 05/11/2021 2620.07 06/08/2007 Books Rs. 2620.07

Powered by Koha